The Cambridge encyclopedia of human evolution (Record no. 78004)

MARC details
000 -LEADER
fixed length control field 00688nam a2200169 a 4500
008 - FIXED-LENGTH DATA ELEMENTS--GENERAL INFORMATION
fixed length control field 120416s1992 ||||||||||||||||| || u
020 ## - INTERNATIONAL STANDARD BOOK NUMBER
International Standard Book Number 0521467861
050 ## - LIBRARY OF CONGRESS CALL NUMBER
Classification number GN 281.4 Cam
100 ## - MAIN ENTRY--PERSONAL NAME
Personal name Steve, Jones
245 14 - TITLE STATEMENT
Title The Cambridge encyclopedia of human evolution
246 ## -
-- Jones Steve
260 ## - PUBLICATION, DISTRIBUTION, ETC.
Place of publication, distribution, etc. Cambridge
Name of publisher, distributor, etc. Cambridge University Press
Date of publication, distribution, etc. 1992
350 ## -
-- 0.00
700 ## - ADDED ENTRY--PERSONAL NAME
Personal name Robert, Martin
995 ## -
-- REFERENCE BOOKS
-- 0.00
-- 733555
-- CBU-MAIN LIBRARY (Kitwe)
-- 2
-- 45.00
-- GN 281.4 Cam
-- 2
-- REFERENCE
-- 45345
-- Reference Collection
995 ## -
-- REFERENCE BOOKS
-- 0.00
-- 730484
-- CBU-MAIN LIBRARY (Kitwe)
-- 1
-- 45.00
-- GN 281.4 Cam
-- 1
-- REFERENCE
-- May 19, 2006
-- 027415
-- Reference Collection
999 ## -
-- 78004
-- 78004
Holdings
Withdrawn status Lost status Source of classification or shelving scheme Damaged status Not for loan Permanent Location Current Location Shelving location Date acquired Total Checkouts Full call number Barcode Date last seen Copy number Price effective from Koha item type
          CBU-MAIN LIBRARY, KITWE. CBU-MAIN LIBRARY, KITWE.   05/03/2023   GN 281.4 Cam 45345 05/03/2023 1 05/03/2023 REFERENCE COLLECTION
          CBU-MAIN LIBRARY, KITWE. CBU-MAIN LIBRARY, KITWE.   05/03/2023   GN 281.4 Cam 027415 05/03/2023 2 05/03/2023 REFERENCE COLLECTION